000 01142naa a22003377a 4500
001 BR9511973
003 BR-BrBNA
005 20240918181752.0
007 ta
008 230509b bl.||||| |||| 00| 0 por d
040 _aBR-BrBNA
_bpor
_cBiblioteca Nacional de Agricultura
041 _a(Pt)
072 _aH20
_b0120
_b3575
_b4120
090 _aH20 BR9511973
100 1 _aAlmeida, A.M.P.
100 1 _aTrombeta, I.A.
100 1 _aOliveira, M.R.
100 1 _aWink, R.F.
111 1 _a30. Reuniao Tecnica Anual do Milho
_cPorto Alegre, RS (Brazil)
_d6-8 Oct 1985
245 1 _aAvaliacao da incidencia de microorganismos em espigas e sementes de milho
260 3 _aPorto Alegre, RS (Brasil):
_c1985.
500 _a30. Reuniao Tecnica Anual do Milho. 1985. Ata Porto Alegre, RS (Brasil): 1985. p. 342-351 (BR9511973-AM)H20
650 _aMilho
650 _aSemente
650 _aEspiga
650 _aFungo
650 _aMicrorganismo
773 0 _t30. Reuniao Tecnica Anual do Milho. 1985. Ata
_wH20 BR9511973
_gPorto Alegre, RS (Brasil), 1985. p. 342-351
909 _a202404
_bLucia
_c55
_dLucia Elande
942 _cAM
_2AGRIS
999 _c326746
_d326746